US LNG Export Countries - Statistics

General Stats
  • This quiz has been taken 217 times
  • The average score is 35 of 46
Answer Stats
Cumulative Bcf Country of Destination % Correct
1,349.6 United Kingdom
97%
1,358.3 France
96%
1,493.3 Japan
96%
1,287.2 Spain
96%
1,116.3 China
95%
174.0 Germany
95%
639.6 Brazil
94%
470.2 Italy
94%
769.9 India
92%
556.8 Mexico
92%
328.5 Portugal
91%
342.2 Argentina
90%
450.5 Chile
90%
47.2 Colombia
90%
1,939.5 South Korea
90%
13.0 Indonesia
88%
1,238.6 Netherlands
88%
379.6 Poland
86%
675.7 Turkey
85%
217.6 Belgium
84%
206.6 Greece
83%
131.0 Thailand
83%
3.4 Philippines
81%
3.7 Malaysia
80%
128.9 Pakistan
78%
219.7 Dominican Republic
77%
16.9 Egypt
77%
417.9 Taiwan
76%
28.0 Israel
75%
67.7 Panama
75%
0.5 Haiti
73%
67.5 Jamaica
71%
36.0 Finland
70%
127.4 Singapore
70%
82.1 Bangladesh
68%
2.0 Bahamas
65%
159.1 Croatia
61%
<0.1 Nicaragua
57%
<0.1 El Salvador
54%
192.8 Lithuania
51%
51.1 United Arab Emirates
48%
1.3 Barbados
46%
0.1 Antigua and Barbuda
42%
127.5 Jordan
35%
20.1 Malta
35%
194.8 Kuwait
32%
No matching quizzes found
Score Distribution
Percent of People with Each Score
Percentile by Number Answered
Your Score History
You have not taken this quiz